000 01149nam a22002657a 4500
001 TZ 0001
003 gtcocun
005 20250924190132.0
006 a||||gr|||| 00| 0
007 ta
008 250924b1994 gt ||||| m||| 00| 0 eng d
040 _agtcocun
_bSPA
_cgtcocun
_eRDA
041 _aSPA TZ 0001
084 _0TZ 0001
100 _aDel Cid Flores, Marco Antonio
_eAutor
245 _aEVALUACIÓN DEL POTENCIAL PRODUCTIVO DEL PAVO CRIOLLO (MELEAGRIS GALLOPAVO) EN COBÁN, ALTA VERAPÁZ./
_cMarco Antonio del Cid Flores.
_hImpreso
264 _aCobán, Alta Verapaz:
_bUniversidad de San Carlos de Guatemala, Centro Universitario del Norte,
300 _a52 p.:
_bIlustraciones, gráficas.
_c28 cm;
502 _eTZ 0001
502 _aTesis de grado
_bZootecnia,
_cUniversidad de San Carlos de Guatemala, Centro Universitario del Norte, Zootecnia
_d1994
_oTZ 0001
650 1 4 _2LEMB
_aCobán, Alta Verapaz.
_xZootecnia
_xProductivo
_xConversión alimenticia
_xCrianza
_xGranja Pecuaria
700 _eAsesor
856 _uSin archivo en línea.
_zSin archivo en línea.
942 _2ddc
_cTES
_iTZ 0001
_kClasificación
_n0
_6TZ_0001_000000000000000
999 _c2130
_d2130